English Literature / A Survey for Students (Record no. 5574)
[ view plain ]
| 000 -LEADER | |
|---|---|
| fixed length control field | 01789cam a22002174a 4500 |
| 005 - ΗΜΕΡΟΜΗΝΙΑ ΚΑΙ ΩΡΑ ΤΕΛΕΥΤΑΙΑΣ ΕΝΗΜΕΡΩΣΗΣ | |
| Πεδίο ελέγχου | 20250605164216.0 |
| 008 - FIXED-LENGTH DATA ELEMENTS--GENERAL INFORMATION | |
| Πεδίο ελέγχου σταθερού μήκους | 250528s ||||||||||||||||||||||||d |
| 035 ## - SYSTEM CONTROL NUMBER | |
| System control number | 20470 |
| 020 ## - ISBN | |
| ISBN | 582552249 |
| 040 ## - ΠΗΓΗ ΚΑΤΑΛΟΓΟΓΡΑΦΗΣΗΣ | |
| Φορέας πρωτότυπης καταλογογράφησης | MC Athens Campus Library |
| Γλώσσα καταλογογράφησης | Ελληνικά, Μοντέρνα (1453-) |
| Modifying agency | MC Athens Campus Library |
| Κανόνες περιγραφικής καταλογογράφησης | AACR2 |
| 245 1# - ΤΙΤΛΟΣ ΚΑΙ ΔΗΛΩΣΗ ΥΠΕΥΘΥΝΟΤΗΤΑΣ | |
| Τίτλος | English Literature / A Survey for Students |
| 250 ## - EDITION STATEMENT | |
| Edition statement | 4th |
| 260 ## - PUBLICATION, DISTRIBUTION, ETC. | |
| Name of publisher, distributor, etc. | Longman, |
| Date of publication, distribution, etc. | 1978 |
| 300 ## - PHYSICAL DESCRIPTION | |
| Extent | 278 |
| 505 0# - FORMATTED CONTENTS NOTE | |
| Formatted contents note | Foreword, What is Literature?, What is English Literature?, The First English Literature, The Coming of the Normads, Chaucer and After, Interlude - The English Bible, The Beginnings of Drama, The Beginnings of English Drama, Willian Shakespeare, Other Elizabethan Dramatists, Tudor Poetry and Prose, The age of Milton: End of a Period, The Age of Dryden, The New Drama, Poetry in the Age of Reason, Prose in the Age of Reason, The Romantics, The Victorian Age, Fresh Life in the Drama, The Coming of the Modern Age, To the Present Day, The British Novel Since 1950, English Verse Forms, Chronological Table, Suggestion for Further Reading, Index. |
| 520 ## - SUMMARY, ETC. | |
| Summary, etc. | Foreword, What is Literature?, What is English Literature?, The First English Literature, The Coming of the Normads, Chaucer and After, Interlude - The English Bible, The Beginnings of Drama, The Beginnings of English Drama, Willian Shakespeare, Other Elizabethan Dramatists, Tudor Poetry and Prose, The age of Milton: End of a Period, The Age of Dryden, The New Drama, Poetry in the Age of Reason, Prose in the Age of Reason, The Romantics, The Victorian Age, Fresh Life in the Drama, The Coming of the Modern Age, To the Present Day, The British Novel Since 1950, English Verse Forms, Chronological Table, Suggestion for Further Reading, Index. |
| 700 1# - ΠΡΟΣΘΕΤΗ ΑΝΑΓΡΑΦΗ--ΦΥΣΙΚΟ ΠΡΟΣΩΠΟ | |
| Personal name | Burgess Antony |
| 9 (RLIN) | 6453 |
| 942 ## - ADDED ENTRY ELEMENTS (KOHA) | |
| Koha item type | Books |
| Τύπος τεκμηρίου | Βιβλιοθήκη | Τρέχουσα τοποθεσία | Barcode | Αριθμός εισαγωγής | Ημερομηνία απόκτησης | Ταξιθετικό σύμβολο | Αριθμός αντιτύπου | Κατάσταση απόσυρσης | Κατάσταση χαμένου | Κατάσταση κατεστραμμένου | Μη δανεισμός | Σύνολο δανεισμών | Ημερομηνία τελευταίας εμφάνισης | Η τιμή ισχύει από |
|---|---|---|---|---|---|---|---|---|---|---|---|---|---|---|
| Books | MC Athens Campus Library | MC Athens Campus Library | 9780000055736 | 6946 | 05/06/2025 | 820/.9 BUR | 1 | 05/06/2025 | 05/06/2025 |